Procesos de los motores de combustión

Wedi'i Gadw mewn:
Manylion Llyfryddiaeth
Prif Awdur: Lichty, Lester C (Awdur)
Fformat: Llyfr
Iaith:Sbaeneg
Cyhoeddwyd: Madrid Del Castillo 1970
Pynciau:
Tagiau: Ychwanegu Tag
Dim Tagiau, Byddwch y cyntaf i dagio'r cofnod hwn!

MARC

LEADER 00000nam a2200000 a 4500
001 UCP1355
003 CL-VaPUC
008 990409e19700000SP |||||||||||||||||spa|d
082 0 4 |a 621.43  |b LIC  |2 21 
100 0 |a Lichty, Lester C  |e author  |9 427345 
245 1 0 |a Procesos de los motores de combustión 
300 |a 674 p 
942 |c BK 
945 |d 19990409 00:00:00  |a cmena 
260 |a Madrid  |b Del Castillo  |c 1970 
650 0 |a Motores   |9 334293 
650 0 |a Motores de combustión interna  |9 261038 
650 0 |a Termodinámica   |9 259320 
650 7 |a CARBURACION  |2 CL-VaPUC  |9 364033 
650 0 |a Combustibles  |9 271720 
650 7 |a TURBOMAQUINARIA  |2 CL-VaPUC  |9 336932 
650 7 |a MOTORES DE PISTON  |2 CL-VaPUC  |9 427346 
583 |a last modification  |c 19990409 00:00:00  |k Rodrigo Vera 
999 |c 280037  |d 280035 
952 |0 0  |1 0  |4 0  |6 621_430000000000000_LIC_1970  |7 0  |8 A  |9 320019  |a BIBMEC  |b BIBMEC  |d 2019-11-20  |i 134157K  |o 621.43 LIC 1970  |p 134157K  |r 2024-01-19  |w 2019-11-20  |y BK  |k MEC